| 000 | 00748 a2200205 4500 | ||
|---|---|---|---|
| 010 | _aENG-89897 | ||
| 020 |
_a8185578818 _c275.00 |
||
| 035 | _aEN-73430 | ||
| 037 | _bDBAD / PUB | ||
| 082 | 1 | 4 | _a616.07583 |
| 090 |
_c11945 _d11945 |
||
| 100 | 1 | _aLakshminarayanan, K. | |
| 245 | 1 |
_aHistological techniques: _cby K. Lakshminarayanan _b a practical manual/ |
|
| 260 |
_aDelhi _bBhalani Publishing House _c2006 |
||
| 270 |
_a11 Mavawala Building, Opp. KEM Hospital , Parel, _bMumbai _cMumbai _e400012 _mbhalani@vsnl.com |
||
| 300 |
_aix, 205p.: _c25 cm ( Pbk) _bcol. photos |
||
| 500 | _aIncludes index | ||
| 942 |
_adpl _cEN _k616.07583 / LAK |
||
| 999 |
_c11591 _d11591 |
||